MARC

LEADER 00000nlm0a2200000 4500
001 202165
005 20240111135153.0
035 |a (RuTPU)RU\TPU\book\220317 
090 |a 202165 
100 |a 20111006d2011 m y0rusy50 ca 
101 0 |a rus 
102 |a RU 
105 |a a z 001zy 
135 |a drcn ---uucaa 
181 0 |a i  
182 0 |a b 
200 1 |a Гигроскопичность и слёживаемость растворимых веществ  |e монография  |f А. Г. Терещенко  |g Национальный исследовательский Томский политехнический университет (ТПУ) 
203 |a Текст  |c электронный 
210 |a Томск  |c Изд-во ТПУ  |d 2011 
300 |a Заглавие с титульного экрана 
337 |a Adobe Reader 
606 1 |a Водные растворы  |x Термодинамика  |2 stltpush  |3 (RuTPU)RU\TPU\subj\70692  |9 84897 
610 1 |a электронный ресурс 
610 1 |a труды учёных ТПУ 
610 1 |a монографии 
610 1 |a гигроскопичность 
610 1 |a слеживаемость 
610 1 |a твёрдые растворимые вещества 
610 1 |a чистые вещества 
610 1 |a примеси 
610 1 |a термодинамика 
610 1 |a растворы 
610 1 |a абсорбция 
610 1 |a влияние 
675 |a 544.355  |v 3 
700 1 |a Терещенко  |b А. Г.  |c химик-технолог  |c заведующий лабораторией Томского политехнического университета, кандидат технических наук  |f 1946-  |g Анатолий Георгиевич  |3 (RuTPU)RU\TPU\pers\25305  |9 11303 
712 0 2 |a Национальный исследовательский Томский политехнический университет (ТПУ)  |c (2009- )  |3 (RuTPU)RU\TPU\col\15902 
801 1 |a RU  |b 63413507  |c 20111006 
801 2 |a RU  |b 63413507  |c 20141028  |g RCR 
856 4 |u http://www.lib.tpu.ru/fulltext/m/2011/m18.pdf 
856 4 |u http://www.lib.tpu.ru/fulltext/m/2011/m18_1.pdf 
942 |c CF